Remington & Klein Infectious Diseases of the Fetus & Newborn Infant (Record no. 19290)

MARC details
000 -LEADER
fixed length control field 00494nam a22001697a 4500
003 - CONTROL NUMBER IDENTIFIER
control field OSt
005 - DATE AND TIME OF LATEST TRANSACTION
control field 20260223102512.0
008 - FIXED-LENGTH DATA ELEMENTS--GENERAL INFORMATION
fixed length control field 250104b |||||||| |||| 00| 0 eng d
020 ## - INTERNATIONAL STANDARD BOOK NUMBER
International Standard Book Number 9780323795258
040 ## - CATALOGING SOURCE
Original cataloging agency SRHU
Language of cataloging English
Transcribing agency SRHU
082 ## - DEWEY DECIMAL CLASSIFICATION NUMBER
Edition number 23rd
Classification number 618.32
245 ## - TITLE STATEMENT
Title Remington & Klein Infectious Diseases of the Fetus & Newborn Infant
Statement of responsibility, etc. Maldonado, Yvonne A.
250 ## - EDITION STATEMENT
Edition statement 9th
260 ## - PUBLICATION, DISTRIBUTION, ETC.
Place of publication, distribution, etc. Phildelphia
Name of publisher, distributor, etc. Elsevier
Date of publication, distribution, etc. 2025
300 ## - PHYSICAL DESCRIPTION
Extent 1177p
Dimensions 26cm
942 ## - ADDED ENTRY ELEMENTS (KOHA)
Source of classification or shelving scheme Dewey Decimal Classification
Koha item type Neonatology
Edition 9th
Holdings
Withdrawn status Lost status Source of classification or shelving scheme Damaged status Not for loan Home library Current library Date acquired Cost, normal purchase price Total Checkouts Barcode Date last seen Price effective from Koha item type
    Dewey Decimal Classification     SRHU Library System SRHU Library System 04/01/2025 22422.00   CL0024142 04/01/2025 04/01/2025 Neonatology
Designed & Maintained by: SRHU Library System
Central Library, Contact: